000 nam a22 7a 4500
999 _c329513
_d329513
003 NUST
005 20170511125603.0
008 170511b xxu||||| |||| 00| 0 eng d
020 _a394372476
040 _c0
082 _a540 WAT
100 _aWatkins,Kenneth W.
_9447
245 _aStudy Guide For Chang's Chemistry
250 _a3rd ed.
260 _aNew York
_bRandom House
_c1988
300 _a440p.
500 _aP.B
942 _2ddc
_cBK
_k540 WAT